000 00315nam a2200121Ia 4500
005 20251222152634.0
008 251222s9999||||xx |||||||||||||| ||spa||
082 _a363.700.71/R31
100 _aReategui Lozano, Rolando
245 0 _aFundamentos y Modelos de Educación Ambiental
250 _a1ra.ed.
942 _cLIB
999 _c27841
_d27841